[Event "5th American Continental (w)"]
[Site "Cali COL"]
[Date "2009.09.02"]
[Round "3.11"]
[White "Romero Echeverria, Abigail"]
[Black "Fandino Reyes, Roquelina"]
[Result "0-1"]
[WhiteElo "2064"]
[BlackElo "2199"]
[EventDate "2009.09.01"]
[PlyCount "113"]

1.e4 e5 2.Nf3 d6 3.d4 exd4 4.Nxd4 Nf6 5.Nc3 Be7 6.Bf4 O-O 7.Qd2 Re8 8.
O-O-O Nbd7 9.f3 a6 10.g4 Ne5 11.Qg2 Nfd7 12.Bg3 Bf8 13.h4 Nc6 14.Nf5 b5 
15.Bf4 Rb8 16.h5 Nc5 17.g5 Ne7 18.Nxe7+ Bxe7 19.g6 Ne6 20.Be3 fxg6 21.hxg6
h6 22.Kb1 Bg5 23.Bxg5 Qxg5 24.Nd5 Qxg2 25.Bxg2 Bb7 26.Rh4 Bxd5 27.Rxd5 Nf8
28.Rg4 Re6 29.f4 Rxg6 30.Bf3 Rxg4 31.Bxg4 Ng6 32.Be6+ Kf8 33.Rf5+ Ke7 34.
Bd5 Rf8 35.Rxf8 Nxf8 36.b4 Nd7 37.Kc1 Nb8 38.c4 c6 39.Bg8 Nd7 40.cxb5 axb5
41.Bb3 Nf6 42.Bc2 Nh5 43.f5 Nf6 44.Kd2 Nd7 45.Ke3 Kf6 46.a4 bxa4 47.Bxa4 
Ne5 48.b5 cxb5 49.Bxb5 Kg5 50.Kd4 h5 51.Kd5 Kf4 52.Kxd6 Kxe4 53.Ke6 h4 54.
Bf1 Kf4 55.Bh3 Nf3 56.f6 Ng5+ 57.Ke7 0-1

[Event "5th American Continental (w)"]
[Site "Cali COL"]
[Date "2009.09.02"]
[Round "3.12"]
[White "Hernandez Guerrero, Yadira"]
[Black "Salazar Cardona, Aura Cristina"]
[Result "0-1"]
[WhiteElo "2199"]
[BlackElo "2069"]
[EventDate "2009.09.01"]
[PlyCount "82"]

1.Nf3 Nf6 2.d4 g6 3.c4 Bg7 4.Nc3 O-O 5.e4 d6 6.Be2 e5 7.O-O Nc6 8.dxe5 
dxe5 9.Bg5 Qxd1 10.Rfxd1 Bg4 11.h3 Bxf3 12.Bxf3 Nd4 13.Rd3 Nd7 14.Rc1 Nc5 
15.Rd2 Nce6 16.Be3 a5 17.Bd1 f5 18.f3 Rad8 19.Na4 fxe4 20.fxe4 Nf4 21.Bxd4
exd4 22.c5 Bh6 23.Bb3+ Kh8 24.Rcd1 Nh5 25.Rd3 Be3+ 26.Kh2 Nf4 27.R3d2 Bxd2
28.Rxd2 d3 29.c6 bxc6 30.Nc5 Rfe8 31.g3 Ne2 32.Bd1 Nc1 33.Ba4 Re5 34.Nb7 
Rxe4 35.Kg1 Re2 36.Rd1 Rde8 37.Nxa5 Re1+ 38.Kf2 R8e2+ 39.Kf3 Rxd1 40.Bxd1 
Re1 41.Ba4 d2 0-1

[Event "5th American Continental (w)"]
[Site "Cali COL"]
[Date "2009.09.02"]
[Round "3.13"]
[White "Chirivi Castiblanco, Jenny Astrid"]
[Black "Chumpitaz Carbajal, Ann"]
[Result "1-0"]
[WhiteElo "2195"]
[BlackElo "2017"]
[EventDate "2009.09.01"]
[PlyCount "131"]

1.d4 Nf6 2.c4 g6 3.Nc3 Bg7 4.e4 d6 5.f3 O-O 6.Be3 e5 7.d5 c6 8.Qd2 Re8 9.
Bd3 Na6 10.Nge2 Bd7 11.g4 cxd5 12.cxd5 Nc5 13.Bc2 b5 14.Ng3 b4 15.Nce2 a5 
16.h4 Bb5 17.h5 Qb6 18.Kf2 Rac8 19.Rac1 Qa6 20.Bb1 Nfd7 21.Rhd1 Rc7 22.Bh6
Bh8 23.Bg5 Nb6 24.b3 Rec8 25.h6 Nbd7 26.Be3 Bf6 27.g5 Be7 28.f4 exf4 29.
Bxf4 Bxe2 30.Nxe2 Qb6 31.Kg2 Nb7 32.Rxc7 Rxc7 33.Nd4 Rc3 34.Nc6 Bf8 35.Qe2
Qc7 36.Bd2 Rc5 37.Be3 Rxc6 38.dxc6 Qxc6 39.Rc1 Nbc5 40.Bd4 Ne5 41.Qe3 Qd7 
42.Qg3 Ne6 43.Rd1 Qb5 44.Bf2 Be7 45.Rc1 Qa6 46.Be3 Qe2+ 47.Bf2 Qa6 48.Rc2 
Nxg5 49.Rc7 Bd8 50.Ra7 Qc6 51.Qf4 Qc8 52.Qg3 Nc6 53.Bd3 Nxa7 54.Bxa7 Qe6 
55.Qh4 Bf6 56.Be3 Nf3 57.Qg3 Ne5 58.Be2 Bd8 59.Qf4 Bc7 60.Bd4 d5 61.Kg1 
Bd6 62.Qg5 dxe4 63.Qd8+ Bf8 64.Bc5 Nd7 65.Bxf8 Nxf8 66.Qd4 1-0

[Event "5th American Continental (w)"]
[Site "Cali COL"]
[Date "2009.09.02"]
[Round "3.14"]
[White "Franco Valencia, Beatriz Irene"]
[Black "Mendoza Velazquez, Lorena Aleja"]
[Result "1/2-1/2"]
[WhiteElo "2188"]
[BlackElo "1973"]
[EventDate "2009.09.01"]
[PlyCount "100"]

1.e4 c5 2.Nc3 g6 3.g3 Bg7 4.Bg2 Nc6 5.d3 e6 6.Be3 Nd4 7.Qd2 Ne7 8.Nd1 d6 
9.c3 Ndc6 10.Bh6 Kf8 11.Nf3 Ng8 12.Bxg7+ Kxg7 13.Ne3 h5 14.h4 Nf6 15.Bh3 
e5 16.Bxc8 Rxc8 17.Nd5 Nxd5 18.exd5 Ne7 19.c4 Qd7 20.Ng5 Nf5 21.O-O-O Nd4 
22.f4 f6 23.Ne4 f5 24.Ng5 Rhe8 25.Rde1 b5 26.fxe5 dxe5 27.Rhf1 bxc4 28.
dxc4 e4 29.Qc3 Kg8 30.Qa3 Qe7 31.Re3 Rb8 32.Nh3 Rb4 33.Qc3 Reb8 34.Rf2 
R8b6 35.Nf4 Qb7 36.Ne6 Nxe6 37.dxe6 Rxe6 38.Rd2 Qe7 39.a3 Rbb6 40.Qa5 Re5 
41.Qa4 Rb7 42.Qc6 Kf7 43.Qc8 Rc7 44.Qh8 Qf6 45.Qb8 Ree7 46.Qd8 Qe6 47.Qh8 
Qf6 48.Qd8 Qe6 49.Qh8 Qf6 50.Qd8 Qe6 1/2-1/2

[Event "5th American Continental (w)"]
[Site "Cali COL"]
[Date "2009.09.02"]
[Round "3.15"]
[White "Franco Valencia, Angela Maria"]
[Black "Panesso Rivera, Jenny"]
[Result "1-0"]
[WhiteElo "2170"]
[BlackElo "1971"]
[EventDate "2009.09.01"]
[PlyCount "75"]

1.e4 d5 2.exd5 Nf6 3.Bb5+ Nbd7 4.c4 a6 5.Bxd7+ Bxd7 6.Nf3 e6 7.Qe2 Be7 8.
dxe6 Bxe6 9.d4 c6 10.Nc3 Bb4 11.O-O O-O 12.Rd1 Bxc3 13.bxc3 b5 14.Ne5 Rc8 
15.Bg5 Re8 16.c5 Bd5 17.Qd2 Re6 18.Ng4 Ne4 19.Bxd8 Nxd2 20.Rxd2 Rxd8 21.
Ne3 Rde8 22.h3 Be4 23.a4 f5 24.axb5 axb5 25.f3 Bxf3 26.Nxf5 Bd5 27.Ra7 
Re1+ 28.Kf2 g6 29.Nh6+ Kh8 30.Ng4 Bc4 31.Kg3 Rf8 32.Kh2 g5 33.Ne5 Bd5 34.
Rc7 Re3 35.Nxc6 Rxc3 36.Ne7 Rd8 37.Nxd5 Rxd5 38.Re2 1-0

[Event "5th American Continental (w)"]
[Site "Cali COL"]
[Date "2009.09.02"]
[Round "3.17"]
[White "Tobar, Estefania"]
[Black "Salazar Dirsa, Marcela"]
[Result "1/2-1/2"]
[WhiteElo "1840"]
[BlackElo "1946"]
[EventDate "2009.09.01"]
[PlyCount "111"]

1.e4 c5 2.Nf3 d6 3.d4 cxd4 4.Nxd4 Nf6 5.Nc3 a6 6.Bc4 b5 7.Bb3 Bb7 8.f3 
Nbd7 9.a3 g6 10.Be3 Bg7 11.Qd2 Rc8 12.Bh6 O-O 13.Bxg7 Kxg7 14.O-O Nb6 15.
Kh1 Nc4 16.Bxc4 Rxc4 17.Rad1 Qc7 18.Rfe1 Rc8 19.f4 e5 20.fxe5 dxe5 21.Nf5+
Kh8 22.Qd6 Ng4 23.Ne3 Qxd6 24.Rxd6 Nxe3 25.Rxe3 b4 26.axb4 Rxb4 27.b3 Kg8 
28.Kg1 Kf8 29.Kf2 Ke7 30.Rd2 Ke6 31.Ke2 f5 32.exf5+ gxf5 33.Kf2 Rg4 34.g3 
Rg7 35.Red3 Rgc7 36.Rd6+ Kf7 37.Rd7+ Ke8 38.Rxc7 Rxc7 39.Ne2 Ke7 40.c4 Ke6
41.Nc3 Bc6 42.b4 Rd7 43.Rxd7 Bxd7 44.Ke3 Bc6 45.Kd3 h6 46.Ke3 h5 47.h4 Kf6
48.Ne2 Ke6 49.Nc3 Bb7 50.Ne2 Bc6 51.Nc3 Bb7 52.c5 Bc6 53.Ne2 Kd5 54.Kd3 
Ke6 55.Ke3 Bd5 56.Nc3 1/2-1/2

[Event "5th American Continental (w)"]
[Site "Cali COL"]
[Date "2009.09.02"]
[Round "3.18"]
[White "Felix Vega, Aurora Edith"]
[Black "Gutierrez Salazar, Leonela Karina"]
[Result "1/2-1/2"]
[WhiteElo "1833"]
[BlackElo "1920"]
[EventDate "2009.09.01"]
[PlyCount "127"]

1.e4 c5 2.Nf3 d6 3.d4 cxd4 4.Nxd4 Nf6 5.Nc3 a6 6.Be2 e6 7.Be3 Be7 8.O-O 
O-O 9.Kh1 Nc6 10.f4 Qc7 11.Qe1 Re8 12.Qg3 Rb8 13.Bf3 Bf8 14.Rae1 e5 15.
fxe5 Nxe5 16.Bg5 Nfd7 17.Nd5 Qc5 18.Nf5 Kh8 19.Nfe3 Nxf3 20.Qxf3 Ne5 21.
Qh5 Be6 22.Rf4 Ng6 23.Rf3 Bxd5 24.exd5 Qxd5 25.Ref1 Qc5 26.Rh3 h6 27.Rxf7 
Re7 28.Qg4 Rbe8 29.Rf5 Qb6 30.b3 Kg8 31.Qh5 Qd4 32.Nf1 Qe4 33.Rf2 Qd4 34.
Be3 Rxe3 35.Rxe3 Rxe3 36.Qxg6 Re7 37.Qf5 Re8 38.Rf3 Rb8 39.c4 Qe5 40.Qf7+ 
Kh8 41.Qc7 Qe8 42.Re3 Qd8 43.Qf7 Qb6 44.Qd5 Qc7 45.Ng3 Qc5 46.Qxc5 dxc5 
47.Rd3 b5 48.Nf1 bxc4 49.bxc4 Rb1 50.Kg1 Rc1 51.Ra3 Rxc4 52.Rxa6 Rc2 53.a4
c4 54.Rc6 Bb4 55.Ne3 Rc1+ 56.Kf2 Be1+ 57.Kf3 c3 58.a5 Bd2 59.a6 Ra1 60.Nd5
Ra2 61.Nxc3 Bxc3 62.Rxc3 Rxa6 63.h3 Ra4 64.Re3 1/2-1/2

[Event "5th American Continental (w)"]
[Site "Cali COL"]
[Date "2009.09.02"]
[Round "3.19"]
[White "Mesa Brenda, Sofia"]
[Black "Naipal, Victoria"]
[Result "0-1"]
[WhiteElo "1894"]
[BlackElo "1795"]
[EventDate "2009.09.01"]
[PlyCount "132"]

1.e4 e5 2.Nf3 Nc6 3.Bb5 a6 4.Ba4 Nf6 5.O-O Be7 6.Re1 b5 7.Bb3 d6 8.c3 O-O 
9.h3 Na5 10.Bc2 c5 11.d4 Qc7 12.Nbd2 Re8 13.Nf1 Bf8 14.Bg5 Nd7 15.Ne3 Nb6 
16.dxc5 dxc5 17.Nd5 Qb7 18.Qd3 Nac4 19.b3 Nd6 20.Rad1 Nxd5 21.Qxd5 Qxd5 
22.Rxd5 f6 23.Bc1 Nb7 24.Rdd1 Be6 25.Be3 c4 26.b4 a5 27.a3 axb4 28.axb4 
Ra3 29.Bd2 Rea8 30.Kf1 Rd8 31.Ra1 Rda8 32.Rxa3 Rxa3 33.Ng1 Ra2 34.Rc1 Nd6 
35.Ke1 Bf7 36.Ne2 Bg6 37.f3 Nc8 38.Bb1 Ra7 39.Be3 Rd7 40.Ng3 Bf7 41.Nf5 
Ne7 42.Nxe7+ Bxe7 43.g3 Be6 44.h4 Kf7 45.f4 exf4 46.gxf4 f5 47.exf5 Bxh4+ 
48.Ke2 Bd5 49.Bc2 Bf6 50.Rd1 Bc6 51.Rxd7+ Bxd7 52.Bd2 Be7 53.f6 Bxf6 54.
Kf3 g6 55.Be4 Ke6 56.Kg4 Kd6+ 57.Kf3 Bf5 58.Bxf5 gxf5 59.Ke3 Kd5 60.Kf3 h5
61.Be1 h4 62.Bd2 h3 63.Kg3 Ke4 64.Kxh3 Kd3 65.Be1 Bxc3 66.Bxc3 Kxc3 0-1

[Event "5th American Continental (w)"]
[Site "Cali COL"]
[Date "2009.09.02"]
[Round "3.20"]
[White "Herrera Rincon, Wilene"]
[Black "Chavez Restrepo, Diana Maria"]
[Result "1/2-1/2"]
[WhiteElo "1737"]
[BlackElo "1884"]
[EventDate "2009.09.01"]
[PlyCount "107"]

1.e4 c5 2.Nf3 e6 3.d4 cxd4 4.Nxd4 Nf6 5.f3 d5 6.exd5 exd5 7.Bb5+ Bd7 8.
Qe2+ Be7 9.Bg5 O-O 10.Nc3 Re8 11.O-O-O Ng4 12.Bxe7 Rxe7 13.Qd2 Ne3 14.Rde1
Nc4 15.Qf2 Bxb5 16.Rxe7 Qxe7 17.Re1 Qd7 18.Ncxb5 Nc6 19.Nc3 a6 20.Nb3 Rd8 
21.Rd1 N4e5 22.Rxd5 Qe7 23.Rxd8+ Qxd8 24.Qd2 Qxd2+ 25.Nxd2 Nd4 26.Kd1 f5 
27.Ne2 Ne6 28.Ng3 f4 29.Nge4 Nd4 30.Nc5 Nf5 31.Nxb7 Ne3+ 32.Kc1 Nxg2 33.
Nc5 Ne1 34.Ne6 N1xf3 35.Nxf3 Nxf3 36.h3 g5 37.b4 Kf7 38.Nc5 Nh2 39.a4 g4 
40.Nd3 h5 41.b5 axb5 42.a5 f3 43.hxg4 hxg4 44.a6 g3 45.a7 f2 46.a8=Q f1=Q+
47.Kb2 g2 48.Qb7+ Kf6 49.Qc6+ Kg7 50.Qb7+ Kg6 51.Qxg2+ Qxg2 52.Nf4+ Kf6 
53.Nxg2 Nf3 54.Nf4 1/2-1/2

[Event "5th American Continental (w)"]
[Site "Cali COL"]
[Date "2009.09.02"]
[Round "3.21"]
[White "Talavera Paredes, Ana"]
[Black "Perez, Laura"]
[Result "1/2-1/2"]
[WhiteElo "1607"]
[BlackElo "1884"]
[EventDate "2009.09.01"]
[PlyCount "43"]

1.d4 d5 2.Nf3 Nf6 3.c4 e6 4.e3 c6 5.Nc3 Nbd7 6.Bd3 Bd6 7.a3 a5 8.O-O O-O 
9.Re1 dxc4 10.Bxc4 b5 11.Bd3 Rb8 12.e4 e5 13.Bg5 b4 14.axb4 axb4 15.Na4 
Re8 16.Rc1 Bb7 17.Qb3 Qe7 18.Qc2 h6 19.Bh4 Ba8 20.b3 g6 21.Qd2 Kg7 22.Nb2 
1/2-1/2

[Event "5th American Continental (w)"]
[Site "Cali COL"]
[Date "2009.09.03"]
[Round "4.1"]
[White "Vasquez Ramirez, Rocio"]
[Black "Sanchez Castillo, Sarai"]
[Result "0-1"]
[WhiteElo "2285"]
[BlackElo "2224"]
[EventDate "2009.09.01"]
[PlyCount "76"]

1.d4 d5 2.c4 e6 3.Nc3 c6 4.e3 Nf6 5.Nf3 Nbd7 6.cxd5 exd5 7.Bd3 Be7 8.O-O 
O-O 9.Qc2 h6 10.Ne2 Re8 11.Ng3 Bd6 12.Nf5 Bc7 13.b4 Ne4 14.Ng3 Ndf6 15.Bb2
Qe7 16.b5 cxb5 17.Bxb5 Bd7 18.Bxd7 Qxd7 19.Nxe4 Nxe4 20.Ne5 Qd8 21.f3 Nd6 
22.Qb3 Nc4 23.Nxc4 dxc4 24.Qc3 Rc8 25.Bc1 Ba5 26.Qc2 b5 27.Rd1 b4 28.e4 
Bb6 29.Be3 Qd7 30.Rab1 a5 31.Bf2 Qb5 32.a4 b3 33.Qc3 Qxa4 34.d5 Bxf2+ 35.
Kxf2 Qb5 36.d6 Red8 37.e5 a4 38.Rd4 Qxe5 0-1

[Event "5th American Continental (w)"]
[Site "Cali COL"]
[Date "2009.09.03"]
[Round "4.2"]
[White "Morales Mendoza, Luciana"]
[Black "Fierro Baquero, Martha"]
[Result "1/2-1/2"]
[WhiteElo "2172"]
[BlackElo "2386"]
[EventDate "2009.09.01"]
[PlyCount "49"]

1.d4 Nf6 2.Bg5 d6 3.Bxf6 exf6 4.g3 f5 5.Bg2 g6 6.c4 Bg7 7.Nc3 O-O 8.e3 c5 
9.Nge2 h5 10.dxc5 dxc5 11.Qxd8 Rxd8 12.Rd1 Rxd1+ 13.Kxd1 Nd7 14.Kc2 Ne5 
15.b3 Rb8 16.Rd1 Bd7 17.h3 Be8 18.Nf4 a6 19.a4 Kf8 20.Nd3 Nxd3 21.Rxd3 
Bxc3 22.Kxc3 Ke7 23.h4 Bd7 24.Bd5 Be6 25.a5 1/2-1/2

[Event "5th American Continental (w)"]
[Site "Cali COL"]
[Date "2009.09.03"]
[Round "4.3"]
[White "Arribas Robaina, Maritza"]
[Black "Lujan, Carolina"]
[Result "1/2-1/2"]
[WhiteElo "2328"]
[BlackElo "2295"]
[EventDate "2009.09.01"]
[PlyCount "30"]

1.e4 c5 2.Nf3 d6 3.Bb5+ Bd7 4.Bxd7+ Nxd7 5.O-O Ngf6 6.Re1 e6 7.c4 Be7 8.d4
cxd4 9.Qxd4 O-O 10.Bg5 Rc8 11.Nbd2 a6 12.h3 Qc7 13.Red1 Rfd8 14.Qe3 Nf8 
15.e5 Ne8 1/2-1/2

[Event "5th American Continental (w)"]
[Site "Cali COL"]
[Date "2009.09.03"]
[Round "4.4"]
[White "Linares Napoles, Oleiny"]
[Black "Ramon Pita, Vivian"]
[Result "1/2-1/2"]
[WhiteElo "2265"]
[BlackElo "2217"]
[EventDate "2009.09.01"]
[PlyCount "59"]

1.e4 e5 2.Nf3 Nc6 3.Bb5 a6 4.Ba4 Nf6 5.O-O Be7 6.Re1 b5 7.Bb3 d6 8.c3 O-O 
9.h3 Nb8 10.d4 Nbd7 11.Nbd2 Bb7 12.Bc2 Re8 13.Nf1 Bf8 14.Ng3 g6 15.a4 c5 
16.d5 c4 17.Bg5 h6 18.Bc1 Nc5 19.Nh2 Rb8 20.Qf3 Bg7 21.Be3 Bc8 22.axb5 
axb5 23.Ra7 Re7 24.Rea1 Reb7 25.Rxb7 Bxb7 26.Ra7 Qb6 27.Ra2 Qd8 28.Ra7 Qb6
29.Ra2 Qd8 30.Ra7 1/2-1/2

[Event "5th American Continental (w)"]
[Site "Cali COL"]
[Date "2009.09.03"]
[Round "4.5"]
[White "Cori Tello, Deysi"]
[Black "Franco Valencia, Angela Maria"]
[Result "1-0"]
[WhiteElo "2361"]
[BlackElo "2170"]
[EventDate "2009.09.01"]
[PlyCount "67"]

1.d4 d5 2.Nf3 c6 3.c4 e6 4.Qc2 f5 5.g3 Nf6 6.Bg2 Bd6 7.O-O O-O 8.b3 Qe7 9.
Bb2 Nbd7 10.Nbd2 Ne4 11.Rac1 Qf6 12.Ne1 Qh6 13.Nxe4 fxe4 14.f3 Qe3+ 15.Rf2
Nf6 16.Qc3 Qh6 17.fxe4 dxe4 18.Nc2 Bd7 19.Ne3 Nh5 20.Rcf1 Rxf2 21.Rxf2 Nf6
22.Bc1 Qh5 23.c5 Bc7 24.Qc2 e5 25.Qc4+ Kh8 26.d5 cxd5 27.Nxd5 Nxd5 28.Qxd5
Bc6 29.Qe6 e3 30.Bxe3 Bxg2 31.Kxg2 h6 32.Qd7 Ba5 33.Qxb7 Rd8 34.b4 1-0

[Event "5th American Continental (w)"]
[Site "Cali COL"]
[Date "2009.09.03"]
[Round "4.6"]
[White "Chirivi Castiblanco, Jenny Astrid"]
[Black "Amura, Claudia"]
[Result "1/2-1/2"]
[WhiteElo "2195"]
[BlackElo "2335"]
[EventDate "2009.09.01"]
[PlyCount "84"]

1.d4 d5 2.c4 e6 3.Nc3 c5 4.cxd5 exd5 5.Nf3 Nc6 6.g3 c4 7.Bg2 Bb4 8.O-O 
Nge7 9.e4 O-O 10.exd5 Nxd5 11.Nxd5 Qxd5 12.a3 Ba5 13.Ne5 Qb5 14.a4 Qa6 15.
Nxc6 bxc6 16.Qf3 Bd7 17.Bf4 Rac8 18.Rfc1 Be6 19.Bf1 Rfd8 20.b3 Rxd4 21.Be3
Rd3 22.bxc4 Rb3 23.Rab1 Rcb8 24.Rxb3 Rxb3 25.Qe4 Bc7 26.Bh3 Qc8 27.Bxe6 
Qxe6 28.Qxe6 fxe6 29.Bxa7 Ra3 30.c5 Rxa4 31.Bb6 Be5 32.Re1 Ra1 33.Rxa1 
Bxa1 34.Kf1 Kf7 35.Ke2 Kf6 36.f4 e5 37.Kf3 Kf5 38.Bc7 exf4 39.Bxf4 Bd4 40.
Bd6 Be5 41.Bf8 g6 42.h3 Ke6 1/2-1/2

[Event "5th American Continental (w)"]
[Site "Cali COL"]
[Date "2009.09.03"]
[Round "4.7"]
[White "Castrillon Gomez, Melissa"]
[Black "Ortiz Aguirre, Nadya Karolina"]
[Result "1/2-1/2"]
[WhiteElo "2031"]
[BlackElo "2218"]
[EventDate "2009.09.01"]
[PlyCount "105"]

1.e4 c5 2.Nf3 e6 3.d4 cxd4 4.Nxd4 a6 5.Bd3 Bc5 6.Nb3 Be7 7.Nc3 d6 8.O-O 
Nf6 9.f4 Qc7 10.Qe2 Nc6 11.Bd2 O-O 12.Rae1 Nd7 13.f5 Nde5 14.Qh5 b5 15.a3 
b4 16.axb4 Nxb4 17.Re3 g6 18.Qh3 Bf6 19.Rg3 Qe7 20.Bh6 Re8 21.fxg6 fxg6 
22.Ne2 Bg7 23.Bxg7 Qxg7 24.Nf4 Nexd3 25.Nxd3 e5 26.Qh4 Nxc2 27.Rf2 Nd4 28.
Nxd4 exd4 29.Nf4 Rxe4 30.Qd8+ Qf8 31.Qxf8+ Kxf8 32.Nxg6+ Ke8 33.Rf8+ Kd7 
34.Rf7+ Kc6 35.Rxh7 Be6 36.h4 Bc4 37.Re7 Re8 38.Rxe8 Rxe8 39.Nf4 Re1+ 40.
Kh2 Rf1 41.Nd3 Bxd3 42.Rxd3 Kd5 43.h5 Ke4 44.Rf3 Rxf3 45.gxf3+ Kf5 46.Kg2 
Kg5 47.Kf2 Kxh5 48.Ke2 Kg5 49.Kd3 Kf4 50.Kxd4 Kxf3 51.Kd5 Ke3 52.Kxd6 Kd4 
53.Kc6 1/2-1/2

[Event "5th American Continental (w)"]
[Site "Cali COL"]
[Date "2009.09.03"]
[Round "4.8"]
[White "Mateus Urbano, Martha"]
[Black "Llaudy Pupo, Lisandra"]
[Result "1/2-1/2"]
[WhiteElo "2143"]
[BlackElo "2212"]
[EventDate "2009.09.01"]
[PlyCount "97"]

1.e4 Nf6 2.e5 Nd5 3.c4 Nb6 4.d4 d6 5.exd6 exd6 6.h3 Be7 7.Nf3 Bf5 8.Nc3 
O-O 9.Be2 Re8 10.O-O c6 11.b3 a5 12.Be3 Na6 13.Qd2 Nc7 14.d5 c5 15.a3 Bf6 
16.Rac1 Nd7 17.Bf4 Ne5 18.Rfe1 h6 19.Nxe5 Bxe5 20.Bxe5 Rxe5 21.Bd3 Qf6 22.
Rxe5 Qxe5 23.Bxf5 Qxf5 24.Re1 Re8 25.Rxe8+ Nxe8 26.Qe1 Kf8 27.Nb5 Qc2 28.
Qe3 a4 29.bxa4 Qxa4 30.Qf4 Qd1+ 31.Kh2 Ke7 32.Qe4+ Kf8 33.f3 Qd2 34.h4 h5 
35.Qf5 g6 36.Qg5 Qxg5 37.hxg5 Ke7 38.Kg3 Ng7 39.Kf4 Nf5 40.Ke4 Nh4 41.g3 
Nf5 42.Kf4 Kd7 43.g4 hxg4 44.fxg4 Ng7 45.a4 Ne8 46.a5 Nc7 47.Na3 Na6 48.
Ke3 Nb4 49.Kd2 1/2-1/2

[Event "5th American Continental (w)"]
[Site "Cali COL"]
[Date "2009.09.03"]
[Round "4.9"]
[White "Fandino Reyes, Roquelina"]
[Black "Orozco Lopez, Luz Elena"]
[Result "0-1"]
[WhiteElo "2199"]
[BlackElo "2118"]
[EventDate "2009.09.01"]
[PlyCount "108"]

1.Nf3 Nf6 2.g3 e6 3.Bg2 d5 4.O-O Be7 5.d3 O-O 6.Nbd2 c5 7.Re1 b6 8.c3 Bb7 
9.Qc2 Nbd7 10.e4 dxe4 11.dxe4 Qc7 12.b3 Rfd8 13.Bb2 Rac8 14.c4 Nb8 15.e5 
Ne8 16.Ne4 h6 17.a3 Rd7 18.g4 Rcd8 19.h4 Bxe4 20.Qxe4 Nc6 21.g5 hxg5 22.
hxg5 g6 23.Nh4 Nd4 24.Nxg6 Bxg5 25.Nf4 Ng7 26.Nh3 Bd2 27.Red1 Ndf5 28.Rab1
a6 29.Qg4 Kf8 30.Ba1 b5 31.Qe4 b4 32.axb4 Bxb4 33.Rxd7 Qxd7 34.Ng5 Qd3 35.
Qxd3 Rxd3 36.Bf1 Rd7 37.Nh7+ Ke7 38.Nf6 Rd8 39.Ne4 Nd4 40.Bg2 Ngf5 41.Kf1 
Nxb3 42.Rxb3 Rd1+ 43.Ke2 Re1+ 44.Kd3 Rxa1 45.Rb2 a5 46.Nc3 Ra3 47.Rc2 Nd4 
48.Rc1 Rb3 49.Be4 a4 50.Kd2 a3 51.Bb1 Bxc3+ 52.Rxc3 Rxb1 53.Rxa3 Rb2+ 54.
Kd3 Rb3+ 0-1

[Event "5th American Continental (w)"]
[Site "Cali COL"]
[Date "2009.09.03"]
[Round "4.10"]
[White "Salazar Cardona, Aura Cristina"]
[Black "Ordaz Valdes, Lisandra"]
[Result "0-1"]
[WhiteElo "2069"]
[BlackElo "2283"]
[EventDate "2009.09.01"]
[PlyCount "66"]

1.e4 c5 2.Nf3 a6 3.d4 cxd4 4.Nxd4 Nf6 5.Bd3 e6 6.O-O Qc7 7.Qe2 Bd6 8.Kh1 
Nc6 9.Nxc6 bxc6 10.Nd2 Be7 11.e5 Nd5 12.Nc4 O-O 13.f4 f5 14.a3 c5 15.Nd2 
d6 16.Nc4 dxe5 17.fxe5 Nb6 18.Na5 Nd7 19.Nc4 Bb7 20.Bf4 Nb6 21.Nd6 Bxd6 
22.exd6 Qc6 23.c4 Rae8 24.Be5 Nd7 25.Rf3 Rf7 26.Rg3 Nxe5 27.Qxe5 Rd8 28.
Qxe6 Rxd6 29.Qe2 f4 30.Rh3 g6 31.Rf1 Re7 32.Qg4 h5 33.Qg5 Re5 0-1

[Event "5th American Continental (w)"]
[Site "Cali COL"]
[Date "2009.09.03"]
[Round "4.11"]
[White "Aliaga Fernandez, Ingrid"]
[Black "Marrero Lopez, Yaniet"]
[Result "0-1"]
[WhiteElo "2140"]
[BlackElo "2259"]
[EventDate "2009.09.01"]
[PlyCount "126"]

1.e4 e5 2.Nf3 Nc6 3.d4 exd4 4.Nxd4 Bb4+ 5.c3 Bc5 6.Be3 Bb6 7.Be2 Nge7 8.
O-O O-O 9.Nxc6 bxc6 10.Bxb6 axb6 11.c4 d6 12.Nc3 c5 13.f4 Nc6 14.Bf3 Bb7 
15.g3 Nd4 16.Bg2 Re8 17.Re1 Ra7 18.a4 Qa8 19.Nb5 Nxb5 20.axb5 Rxa1 21.Qxa1
f5 22.Qxa8 Bxa8 23.e5 Bxg2 24.Kxg2 Kf7 25.Kf3 dxe5 26.fxe5 Ke6 27.Rd1 Ra8 
28.Kf4 h6 29.h4 g6 30.Rd2 Rg8 31.Rd5 g5+ 32.hxg5 hxg5+ 33.Kf3 Ra8 34.Rd2 
Ra4 35.b3 Ra3 36.Rd3 Kxe5 37.Rd5+ Ke6 38.Rd3 Ra1 39.Re3+ Kf6 40.Rd3 g4+ 
41.Ke3 Rg1 42.Kf2 Rb1 43.Re3 Rb2+ 44.Kf1 f4 45.gxf4 Kf5 46.Re7 Kxf4 47.
Rxc7 Rxb3 48.Rc6 Rc3 49.Rxb6 Rxc4 50.Rc6 Kg3 51.b6 Rc1+ 52.Ke2 Kg2 53.b7 
Rb1 54.Rg6 g3 55.Rg7 Rb3 56.Rc7 c4 57.Rxc4 Rxb7 58.Rh4 Re7+ 59.Kd2 Kf2 60.
Rf4+ Kg1 61.Rh4 g2 62.Rh3 Re5 63.Kd3 Kf2 0-1

[Event "5th American Continental (w)"]
[Site "Cali COL"]
[Date "2009.09.03"]
[Round "4.12"]
[White "Heredia Serrano, Carla"]
[Black "Franco Valencia, Beatriz Irene"]
[Result "1/2-1/2"]
[WhiteElo "2152"]
[BlackElo "2188"]
[EventDate "2009.09.01"]
[PlyCount "61"]

1.e4 c6 2.d4 d5 3.Nc3 dxe4 4.Nxe4 Bf5 5.Ng3 Bg6 6.Bc4 Nf6 7.N1e2 h6 8.Nf4 
Bh7 9.O-O Nbd7 10.Re1 Qc7 11.Qf3 Nb6 12.Bb3 Bg8 13.a4 O-O-O 14.a5 Nbd7 15.
a6 b6 16.Nd3 e6 17.Ba4 Nb8 18.Ne5 Nd5 19.c4 Nb4 20.Bf4 g5 21.Nxc6 gxf4 22.
Nxd8 fxg3 23.Nxe6 gxf2+ 24.Qxf2 Nd3 25.Qf6 fxe6 26.Qxf8+ Qd8 27.Qxd8+ Kxd8
28.Re3 Nb4 29.d5 N8xa6 30.dxe6 Ke7 31.Bd7 1/2-1/2

[Event "5th American Continental (w)"]
[Site "Cali COL"]
[Date "2009.09.03"]
[Round "4.13"]
[White "Mendoza Velazquez, Lorena Aleja"]
[Black "Hernandez Guerrero, Yadira"]
[Result "1/2-1/2"]
[WhiteElo "1973"]
[BlackElo "2199"]
[EventDate "2009.09.01"]
[PlyCount "20"]

1.e4 c5 2.Nf3 Nc6 3.Nc3 d6 4.d4 cxd4 5.Nxd4 Nf6 6.f3 g6 7.Be3 Bg7 8.Qd2 
O-O 9.Bc4 Bd7 10.O-O-O Rc8 1/2-1/2

[Event "5th American Continental (w)"]
[Site "Cali COL"]
[Date "2009.09.03"]
[Round "4.14"]
[White "Ubaldo Suarez, Maria Gisela"]
[Black "Panesso Rivera, Jenny"]
[Result "0-1"]
[WhiteElo "2120"]
[BlackElo "1971"]
[EventDate "2009.09.01"]
[PlyCount "90"]

1.d4 Nf6 2.Nf3 g6 3.c4 Bg7 4.Nc3 O-O 5.e4 d6 6.Be2 c6 7.O-O Nbd7 8.Qc2 e5 
9.d5 c5 10.a3 a6 11.Ne1 Ne8 12.Be3 f5 13.f3 f4 14.Bf2 g5 15.Nd3 Rf6 16.b4 
b6 17.Rfb1 h5 18.bxc5 bxc5 19.Na4 Bf8 20.Ra2 Rg6 21.Kf1 g4 22.Bg1 Qh4 23.
Rab2 Nef6 24.Ne1 Qg5 25.Rb3 h4 26.fxg4 Nxg4 27.Bxg4 Qxg4 28.Qe2 Qg5 29.Nf3
Qh6 30.h3 Ra7 31.Bh2 Nf6 32.Nb6 Rag7 33.Ne1 Bxh3 34.Rxh3 Rg4 35.Qf2 Qg6 
36.Qf3 Nxe4 37.Qd3 Ng3+ 38.Bxg3 e4 39.Qc2 fxg3 40.Rb3 Rf7+ 41.Nf3 Qf6 42.
Qc3 Qf4 43.Qe3 Qf5 44.Na4 exf3 45.gxf3 Re4 0-1

[Event "5th American Continental (w)"]
[Site "Cali COL"]
[Date "2009.09.03"]
[Round "4.16"]
[White "Chumpitaz Carbajal, Ann"]
[Black "Romero Echeverria, Abigail"]
[Result "1/2-1/2"]
[WhiteElo "2017"]
[BlackElo "2064"]
[EventDate "2009.09.01"]
[PlyCount "21"]

1.e4 c5 2.Nf3 e6 3.d4 cxd4 4.Nxd4 a6 5.c4 Nf6 6.Nc3 Qc7 7.a3 b6 8.Bd3 Nc6 
9.Nxc6 Qxc6 10.O-O e5 11.h3 1/2-1/2

[Event "5th American Continental (w)"]
[Site "Cali COL"]
[Date "2009.09.03"]
[Round "4.17"]
[White "Naipal, Victoria"]
[Black "Salazar Dirsa, Marcela"]
[Result "1-0"]
[WhiteElo "1795"]
[BlackElo "1946"]
[EventDate "2009.09.01"]
[PlyCount "77"]

1.d4 Nf6 2.c4 e6 3.Nc3 Bb4 4.a3 Bxc3+ 5.bxc3 d6 6.Bg5 h6 7.Bh4 O-O 8.e3 b6
9.f3 Qe7 10.Bd3 Bb7 11.Ne2 Nbd7 12.O-O Rfe8 13.e4 e5 14.Re1 g5 15.Bf2 c5 
16.Ng3 Bc8 17.Nf5 Qf8 18.h4 Nb8 19.hxg5 hxg5 20.Qd2 Nh7 21.Be3 Bxf5 22.
exf5 Nc6 23.f6 exd4 24.cxd4 Qh6 25.Be4 Rec8 26.Kf2 Qh4+ 27.Ke2 Nxf6 28.
Bxc6 Rxc6 29.Rh1 Qg3 30.Rag1 d5 31.cxd5 Nxd5 32.Rh3 Nf4+ 33.Bxf4 Qxf4 34.
Qxf4 gxf4 35.Rgh1 Re8+ 36.Kf2 Kf8 37.d5 Rd6 38.Rh8+ Ke7 39.Re1+ 1-0

[Event "5th American Continental (w)"]
[Site "Cali COL"]
[Date "2009.09.03"]
[Round "4.18"]
[White "Gutierrez Salazar, Leonela Karina"]
[Black "Tobar, Estefania"]
[Result "1-0"]
[WhiteElo "1920"]
[BlackElo "1840"]
[EventDate "2009.09.01"]
[PlyCount "21"]

1.e4 e5 2.Nf3 Nc6 3.Bb5 a6 4.Ba4 b5 5.Bb3 Nf6 6.Ng5 d5 7.exd5 Nxd5 8.c4 h6
9.Nh3 Bb7 10.d3 bxc4 11.dxc4 1-0